000 03221cam a2200361 i 4500
001 ocn162593937
005 20250205130739.0
006 m o d
007 cr cn|||||||||
008 070806s2007 enka ob 001 0 eng d
020 _a9780750681506
020 _a0750681500
040 _aKO
_beng
041 0 _aeng
082 0 4 _a623.873
_222
100 1 _aCarlton, J. S.
_q(John S.)
245 1 0 _aMarine propellers and propulsion /
_cJohn Carlton.
250 _a2nd edition
264 1 _aOxford :
_bButterworth-Heinemann,
_c2007.
300 _a1 online resource (ix, 523 pages)
338 _aonline resource
520 _aAlthough the propeller lies submerged out of sight, it is a complex component in both the hydrodynamic and structural sense. Marine Propellers and Propulsion fulfils the need for a comprehensive and cutting edge volume that brings together a great range of knowledge on propulsion technology, a multi-disciplinary and international subject. The book comprises three main sections covering hydrodynamics; materials and mechanical considerations; and design, operation and performance. The discussion relates theory to practical problems of design, analysis and operational economy, and is supported by extensive design information, operational detail and tabulated data. Fully updated and revised to cover the latest advances in the field, the new edition now also includes four new chapters on azimuthing and podded propulsors, propeller-rudder interaction, high-speed propellers, and propeller-ice interaction. The most complete book available on marine propellers, fully updated and revised, with four new chapters on azimuthing and podded propulsors, propeller-rudder interaction, high-speed propellers, and propeller-ice interaction A valuable reference for marine engineers and naval architects gathering together the subject of propulsion technology, in both theory and practice, over the last forty years Written by a leading expert on propeller technology, essential for students of propulsion and hydrodynamics, complete with online worked examples.
505 0 _aThe Early Development of the Screw Propeller -- Propulsion Systems -- Propeller Geometry -- The Propeller Environment -- The Wake Field -- Propeller Performance Characteristics -- Theoretical Methods Basic Concepts -- Theoretical Methods Propeller Theories -- Cavitation -- Propeller Noise -- Propeller-Ship Interaction -- Ship Resistance and Propulsion -- Thrust Augmentation Devices -- Transverse Thrusters -- Azimuthing and podded propulsors -- Waterjet Propulsion -- Full-Scale Trials -- Propeller Materials -- Propeller Blade Strength -- Propeller Manufacture -- Propeller Blade Vibration -- Propeller Design -- Operational Problems -- Service Performance and Analysis -- Propeller Tolerances and Inspection -- Propeller Maintenance and Repair.
504 _aIncludes bibliographical references and index.
650 0 _aPropellers.
650 6 _aH�elices.
_0(CaQQLa)201-0105906
650 7 _aPropellers.
_2fast
_0(OCoLC)fst01079087
856 _uhttps://www.sciencedirect.com/science/book/9780750681506
904 _aRUDRA_R
905 _aR_RANJAN
942 _2ddc
_cEB
999 _c3334
_d3334